Ghosts ; The warriors at Helgeland; An enemy of the people /

Bibliographic Details
Main Author: Ibsen, Henrik, 1828-1906
Other Authors: Sharp, R. Farquharson (Robert Farquharson), 1864-1945
Format: Book
Language:English
Norwegian
Published: London : New York : J.M. Dent & Sons, ltd.; E.P. Dutton & Co., inc., [1941]
Series:Everyman's library. Poetry & the drama. [no. 552]

MARC

Tag First Indicator Second Indicator Subfields
LEADER 00000cam a2200000 4500
001 in00000022857
005 20151007064153.0
008 800705r19411911enk b 00010 eng d
035 |a (OCoLC)06484835 
035 |9 AAD9220AM 
040 |a TXA  |c TXA  |d UtOrBLW 
041 1 |a eng  |a nor 
049 |a TXAM  |c 1 [129693]  |c 2 [129694] 
090 |a PT8854  |b .S5 1941 
092 |a 839.8226  |b I14g, 1941 
100 1 |a Ibsen, Henrik,  |d 1828-1906. 
245 1 0 |a Ghosts ;  |b The warriors at Helgeland; An enemy of the people /  |c [by] Henrik Ibsen. 
264 1 |a London :  |b J.M. Dent & Sons, ltd.;  |a New York :  |b E.P. Dutton & Co., inc.,  |c [1941] 
300 |a xii, 1 unnumbered page, 247 pages, 1 unnumbered page ;  |c 18 cm. 
336 |a text  |b txt  |2 rdacontent 
337 |a unmediated  |b n  |2 rdamedia 
338 |a volume  |b nc  |2 rdacarrier 
490 0 |a Everyman's library. Poetry & the drama. [no. 552] 
500 |a "First published in this edition 1911. Reprinted ... 1941." 
500 |a Translated by R. Farquharson Sharp. 
504 |a "Bibliography of English translations": pages xi. 
700 1 |a Sharp, R. Farquharson  |q (Robert Farquharson),  |d 1864-1945. 
740 4 |a The warriors at Helgeland. 
740 3 |a An enemy of the people. 
999 |a MARS 
999 f f |s b21cbd23-9ca7-380a-bfde-5eb75749db5a  |i 3df7b070-2253-33a2-9681-36e6a09127bb  |t 0 
952 f f |p normal  |a Texas A&M University  |b College Station  |c Sterling C. Evans Library  |s Evans stk  |d Evans: Library Stacks  |t 0  |e PT8854 .S5 1941  |h Library of Congress classification  |i unmediated -- volume  |m A14801361244 
998 f f |a PT8854 .S5 1941  |t 0  |l Evans: Library Stacks